Central Library OPAC University of Rajshahi

Radio stations : (Record no. 66909)

MARC details
000 -LEADER
fixed length control field 00633nam a2200217 a 4500
001 - CONTROL NUMBER
control field 66909
003 - CONTROL NUMBER IDENTIFIER
rucl marc code BD-RjUL
005 - DATE AND TIME OF LATEST TRANSACTION
control field 20211209081608.0
008 - FIXED-LENGTH DATA ELEMENTS--GENERAL INFORMATION
fixed length control field 170320s1959 nyuab 001 0 eng d
035 ## - SYSTEM CONTROL NUMBER
System control number (BD-RjUL)67040
040 ## - CATALOGING SOURCE
Original cataloging agency DLC
Transcribing agency OC
Modifying agency Uk
-- DLC
-- BD-RjUL
Language of cataloging eng
041 ## - LANGUAGE CODE
Language code of text/sound track or separate title eng
082 ## - DEWEY DECIMAL CLASSIFICATION NUMBER
Edition number 23
Classification number 621.38416
Author mark and year CHR 1959
100 1# - MAIN ENTRY--PERSONAL NAME
Personal name Chappel, G. A.
9 (RLIN) 198128
245 00 - TITLE STATEMENT
Title Radio stations :
Remainder of title installation, design, and practice /
Statement of responsibility, etc. G. A. Chappel.
260 ## - PUBLICATION, DISTRIBUTION, ETC. (IMPRINT)
Place of publication, distribution, etc. New York :
Name of publisher, distributor, etc. Pergamon Press,
Date of publication, distribution, etc. 1959
300 ## - PHYSICAL DESCRIPTION
Pagination viii, 248 p. :
Illustrations ill. ;
Size 23 cm.
500 ## - GENERAL NOTE
General note Includes index.
650 #0 - SUBJECT ADDED ENTRY--TOPICAL TERM
Topical term or geographic name as entry element Radio stations.
9 (RLIN) 198129
942 ## - ADDED ENTRY ELEMENTS (KOHA)
Source of classification or shelving scheme Dewey Decimal Classification
Koha item type Books
Holdings
Lost status Source of classification or shelving scheme Damaged status Not for loan Collection code Permanent Location Current Location Shelving location Date acquired Total Checkouts Full call number Date last seen Copy number Koha item type
  Dewey Decimal Classification   Not For Loan Non-fiction Central Library, University of Rajshahi Central Library, University of Rajshahi Reading Room 20/03/2017   621.38416 CHR 1959 20/03/2017 C-1 Books